|
|
|
|
| LEADER |
02945nam a22004457a 4500 |
| 001 |
32887 |
| 003 |
BD-DhAAL |
| 005 |
20241031122354.0 |
| 008 |
180401r20122006bg a|||| b||| 001 0 ben d |
| 020 |
|
|
|a 9840750100
|
| 020 |
|
|
|a 9840758926
|
| 040 |
|
|
|a BD-DhAAL
|c BD-DhAAL
|
| 041 |
|
|
|a ben
|
| 082 |
|
|
|2 22
|a 891.44
|
| 100 |
|
|
|a নজরুল ইসলাম,
|c কাজী,
|d ১৮৯৯-১৯৭৬.
|9 53229
|
| 245 |
|
|
|a নজরুল-রচনাবলী :
|b জন্মশতবর্ষ সংস্করণ.
|n প্রথম খন্ড /
|c কাজী নজরুল ইসলাম; সম্পাদনা পরিষদ রফিকুল ইসলাম [et..al],
|
| 246 |
|
|
|a Nazrul Rachanabali [Work of Kazi Nazrul Islam]
|
| 260 |
|
|
|a ঢাকা :
|b বাংলা একাডেমী,
|c c২০০৬ [পুনর্মুদ্রণ ২০১২, ২০২০].
|
| 300 |
|
|
|a [বিশ], ৪৭৬ পৃষ্ঠা :
|b চিত্র ;
|c 22 সে. মি.
|
| 362 |
|
|
|a Vol. 1
|
| 500 |
|
|
|a নজরুল-রচনাবলী (প্রথম সংস্করণের সম্পাদক আবদুল কাদির)
|
| 504 |
|
|
|6 গ্রন্থপঞ্জিগত নির্দেশিকা ও নির্ঘণ্ট অন্তর্ভুক্ত.
|
| 526 |
|
|
|a OCA, GenEd,
Residential Campus
|
| 541 |
|
|
|a Office of Co-Curricular Activities,
Development Book Agency
|e 32887, 32947, 34778, 40575
|
| 600 |
|
|
|a Nazrul Islam,
|c Kazi,
|d 1899-1976.
|9 25311
|
| 650 |
|
|
|a Bengali poetry.
|
| 650 |
|
|
|a Bengali literature.
|
| 700 |
|
|
|a ইসলাম, রফিকুল.
|9 25313
|
| 700 |
|
|
|a মোরশেদ, আবুল কালাম মনজুর.
|9 25314
|
| 700 |
|
|
|a হক, আবুল কাসেম ফজলুল.
|9 25315
|
| 700 |
|
|
|a মাহ্ফুজউল্লাহ, মোহাম্মদ.
|9 25316
|
| 700 |
|
|
|a সৈয়দ, আবদুল মান্নান.
|9 25317
|
| 700 |
|
|
|a ইসলাম, নূরল.
|9 25318
|
| 852 |
|
|
|a Ayesha Abed Library
|c General Stacks
|
| 942 |
|
|
|2 ddc
|c BK
|
| 999 |
|
|
|c 39183
|d 39183
|
| 952 |
|
|
|0 0
|1 0
|2 ddc
|4 0
|6 891_440000000000000_NAZ
|7 0
|9 63020
|a BRACUL
|b BRACUL
|c GEN
|d 2018-04-01
|e Office of Co-Curricular Activities
|g 161.25
|l 4
|m 7
|o 891.44 NAZ
|p 3010032887
|r 2026-02-01
|s 2025-12-22
|t 1
|v 161.25
|w 2018-03-29
|y BK
|
| 952 |
|
|
|0 0
|1 0
|2 ddc
|4 0
|6 891_440000000000000_NAZ
|7 0
|9 63108
|a BRACUL
|b BRACUL
|c GEN
|d 2018-04-11
|e Bengla Academy
|g 180.00
|l 3
|m 19
|o 891.44 NAZ
|p 3010032947
|r 2023-04-13
|s 2022-12-28
|t 2
|v 240.00
|w 2018-04-11
|y BK
|
| 952 |
|
|
|0 0
|1 0
|2 ddc
|4 0
|6 891_440000000000000_NAZ
|7 0
|9 65630
|a SCL
|b SCL
|c GEN
|d 2019-07-17
|e Development Book Agency
|g 208.33
|l 1
|o 891.44 NAZ
|p 3020034788
|r 2026-02-24
|s 2026-02-17
|t 3
|v 208.33
|w 2019-07-17
|y BK
|
| 952 |
|
|
|0 0
|1 0
|2 ddc
|4 0
|6 891_440000000000000_NAZ
|7 0
|9 72650
|a SCL
|b SCL
|c GEN
|d 2023-01-05
|e Development Book Agency
|g 205.00
|l 0
|o 891.44 NAZ
|p 3020040575
|r 2025-04-07
|t 4
|v 205.00
|w 2023-01-05
|y BK
|